Statistiques concernant Films d'Action - Quiz Images

Cliquez ici pour prendre le quiz!

Statistiques générales

  • Ce quiz a été pris 143 fois
  • Le résultat moyen est 3 sur 12

Statistiques - réponses

Réponse% Correct
First Blood
98%
Die Hard
66%
Taken
61%
Transporteur
40%
Cliffhanger
20%
Les ailes de l'Enfer
17%
Piège en haute mer
7%
Police Story
7%
Passager 57
5%
Delta Force
4%
Big Boss
3%
Fist of Legend
0%

Distribution des résultats

Percentile par nombre de réponses

% des personnes avec chaque résultat

Votre développement - résultats

Vous n’avez pas pris ce quiz